[Event "Ch Estonia"]
[Site "masterchessopen.com – URS"]
[Round "0"]
[White "Luik Helmuth (EST)"]
[Black "Ludolph Jaan (EST)"]
[Result "1-0"]
[WhiteElo "2209"]
[BlackElo "2245"]

1.Nf3 Nf6 2.c4 g6 3.d4 Bg7 4.Nc3 d5 5.cxd5 Nxd5 6.Qa4+ Nc6 7.e3 Nb6 8.Qd1 O-O
9.Be2 e5 10.d5 Ne7 11.e4 h6 12.Be3 f5 13.Qb3 Kh7 14.h4 fxe4 15.Ng5+ Kh8 16.Bc5
Bd7 17.Rd1 Nbc8 18.Ncxe4 b6 19.Ne6 Bxe6 20.dxe6 Qe8 21.Bb5 c6 22.Bxe7 Nxe7
23.Nd6 Qb8 24.Be2 Nf5 25.Nf7+ Kg8 26.h5 Nd4 27.Rxd4 exd4 28.e7 Re8 29.Nxh6+
{#r} 1-0

[Event "Ch DDR"]
[Site "masterchessopen.com – Straussberg (Germany)"]
[Round "1"]
[White "Moehring Guenther (GER)"]
[Black "Heinig Wolfram Dr (GER)"]
[Result "1-0"]
[WhiteElo "2390"]
[BlackElo "2321"]

1.d4 Nf6 2.c4 g6 3.Nc3 d5 4.Nf3 Bg7 5.cxd5 Nxd5 6.Bd2 O-O 7.Rc1 c6 8.e3 Nb6
9.Be2 h6 10.O-O Be6 11.b3 N8d7 12.e4 a5 13.Qc2 Nf6 14.Rfd1 Ne8 15.Be3 Nd6
16.a4 Rc8 17.Ne1 Nd7 18.Nd3 Qc7 19.Nf4 Kh7 20.Nxe6 fxe6 21.Bg4 e5 22.Nd5 cxd5
23.Qxc7 Rxc7 24.Rxc7 Nf6 25.dxe5 Nxg4 26.exd6 Nxe3 27.dxe7 {#r} 1-0

[Event "It"]
[Site "masterchessopen.com – Medellin (Colombia)"]
[Date "1972.04.02"]
[Round "6"]
[White "Agudelo Antonio (COL)"]
[Black "Castro Oscar H (COL)"]
[Result "0-1"]
[WhiteElo "2272"]
[BlackElo "2382"]

1.d4 Nf6 2.Nf3 g6 3.c4 Bg7 4.Nc3 d5 5.cxd5 Nxd5 6.Bd2 O-O 7.Rc1 Nc6 8.e3 Nb6
9.Be2 e5 10.dxe5 Be6 11.Ne4 Nxe5 12.Nxe5 Bxe5 13.b3 Nd5 14.Ng3 Qe7 15.Qc2 Rfd8
16.Qe4 Qd6 17.Nf1 Bb2 18.Qc2 Bxc1 19.Bxc1 Nb4 20.Qd2 Qc5 {#R} 0-1

[Event "Memorial Czerniak (corr.)"]
[Site "masterchessopen.com – corr."]
[Round "0"]
[White "Buczinski Henryk (POL)"]
[Black "Gorski Jan (POL)"]
[Result "0-1"]
[WhiteElo "2085"]
[BlackElo "2056"]

1.d4 Nf6 2.c4 g6 3.Nc3 d5 4.Nf3 Bg7 5.cxd5 Nxd5 6.Bd2 c5 7.Rc1 Nxc3 8.Bxc3
cxd4 9.Nxd4 O-O 10.e3 Qd5 11.Qb3 Qe4 12.Be2 Bxd4 13.Bxd4 Qxg2 14.Rf1 Nc6
15.Bc3 Bh3 16.Qc4 Qg5 17.Rh1 Rfd8 18.Rd1 Be6 19.Qa4 Rxd1+ 20.Bxd1 b5 21.Qa6
Qd5 22.Rg1 Rd8 23.Be2 b4 {#R} 0-1

[Event "Ch World (juniors) (under 16)"]
[Site "masterchessopen.com – Wattignies (France)"]
[Round "0"]
[White "Chia Alphonsus (SIN)"]
[Black "Roos Louis (FRA)"]
[Result "1-0"]
[WhiteElo "2256"]
[BlackElo "2353"]

1.d4 Nf6 2.c4 g6 3.Nc3 d5 4.Nf3 Bg7 5.cxd5 Nxd5 6.Qb3 Nxc3 7.bxc3 O-O 8.Ba3
Nd7 9.e3 Re8 10.h4 c5 11.Bc4 e6 12.h5 cxd4 13.hxg6 hxg6 14.cxd4 Nb6 15.Bd3 Nd5
16.Kf1 Qa5 17.Rc1 Bd7 18.g3 Rac8 19.Kg2 Bc6 20.e4 Nf6 21.Rh4 Qa4 22.Qb2 Nd7
23.Rch1 Nb6 24.Bc5 Nc4 25.Qc1 Bb5 26.Rh8+ Bxh8 27.Rxh8+ Kxh8 28.Qh6+ Kg8
29.Ng5 Ne3+ 30.fxe3 {#r} 1-0

[Event "World Tournament (corr.)"]
[Site "masterchessopen.com – corr."]
[Round "0"]
[White "Landgraf Siegfried (GER)"]
[Black "Murray John (IRL)"]
[Result "0-1"]
[WhiteElo "2109"]
[BlackElo "2209"]

1.d4 Nf6 2.c4 g6 3.Nc3 d5 4.Nf3 Bg7 5.cxd5 Nxd5 6.Bd2 O-O 7.Rc1 Nb6 8.e3 Nc6
9.Be2 e5 10.dxe5 Nxe5 11.Nxe5 Bxe5 12.O-O c6 13.e4 Be6 14.b3 f5 15.exf5 Bxf5
16.Be3 Qf6 17.Qe1 Rfe8 18.a4 Be6 19.a5 Nd5 20.Nxd5 Bxd5 21.Qb4 Bd6 22.Qa4 b5
23.axb6 axb6 24.Qg4 Re4 25.Qd7 Rd8 26.Qa7 Re7 27.Qa1 Qh4 28.h3 b5 29.Qa5 Rf8
30.Bd3 Bxg2 {#R} 0-1

[Event "It (open) \"]
[Site "masterchessopen.com – London (England)"]
[Round "1"]
[White "Hanreck Alan E (ENG)"]
[Black "Pein Malcolm (ENG)"]
[Result "0-1"]
[WhiteElo "2268"]
[BlackElo "2382"]

1.d4 Nf6 2.c4 g6 3.Nc3 d5 4.Nf3 Bg7 5.cxd5 Nxd5 6.Qb3 Nb6 7.Bf4 Be6 8.Qc2 Nc6
9.Rd1 Nb4 10.Qb1 O-O 11.e4 Bg4 12.a3 Bxf3 13.gxf3 Nc6 14.d5 Nd4 15.Be2 e6
16.dxe6 fxe6 17.Be3 e5 18.Nb5 Qd7 19.Qa2+ Kh8 20.Nxd4 exd4 21.h4 c5 22.h5 gxh5
23.Bg5 c4 24.f4 Qe6 25.Bf3 h6 26.Rxh5 Kg8 27.Bh4 Rxf4 28.Bg2 Rg4 29.Bg3 Re8
30.Kf1 Rxg3 {#R} 0-1

[Event "corr."]
[Site "masterchessopen.com – Scotland"]
[Round "0"]
[White "Borwell Alan P (SCO)"]
[Black "Poulsen Allan (DEN)"]
[Result "1-0"]
[WhiteElo "2085"]
[BlackElo "2380"]

1.d4 Nf6 2.c4 g6 3.Nc3 d5 4.Nf3 Bg7 5.cxd5 Nxd5 6.Bd2 O-O 7.Rc1 Nb6 8.Bg5 h6
9.Bh4 g5 10.Bg3 c5 11.d5 e6 12.d6 Nc6 13.e3 e5 14.Bb5 Re8 15.h4 g4 16.Nd2 f5
17.O-O Qxd6 18.Nc4 Qg6 19.Nd5 Nxd5 20.Qxd5+ Be6 21.Qxc5 Bf8 22.Nxe5 Qg7 23.Qc3
Bb4 24.Qc2 Bf8 25.Nxc6 bxc6 26.Bxc6 Rac8 27.Qa4 Red8 28.Rc2 {#r} 1-0

[Event "Ch Brazil"]
[Site "masterchessopen.com – Sao Luis (Brazil)"]
[Round "6"]
[White "Trois Francisco R T (BRA)"]
[Black "Tsuboi Edson Kenji (BRA)"]
[Result "0-1"]
[WhiteElo "2275"]
[BlackElo "2350"]

1.d4 Nf6 2.c4 g6 3.Nc3 d5 4.Nf3 Bg7 5.cxd5 Nxd5 6.Bd2 O-O 7.Rc1 Nc6 8.e4 Nb6
9.d5 Ne5 10.Nxe5 Bxe5 11.a4 Bd7 12.a5 Nc8 13.Bd3 c6 14.a6 Rb8 15.axb7 Rxb7
16.Ba6 Rxb2 17.Na4 Ra2 18.dxc6 Bg4 19.f3 Be6 20.Nc5 Bb3 21.Nxb3 Rxa6 22.Ba5
Qxd1+ 23.Kxd1 Nd6 24.c7 Rc8 25.Rc5 f6 26.Ke2 Nb7 27.Rb1 Nxc5 28.Nxc5 Rxa5
29.Ne6 Kf7 {#R} 0-1

[Event "Spartakiada URS"]
[Site "masterchessopen.com – Moscow (Russia)"]
[Round "7"]
[White "Zagorskaya Tatiana (BLR)"]
[Black "Alieva Elmira (AZE)"]
[Result "1-0"]
[WhiteElo "2155"]
[BlackElo "2043"]

1.d4 Nf6 2.c4 g6 3.Nc3 d5 4.Nf3 Bg7 5.cxd5 Nxd5 6.Bd2 O-O 7.Rc1 c5 8.Nxd5 Qxd5
9.Rxc5 Qxa2 10.Qc1 Nc6 11.e3 Bf5 12.Bc4 Qb1 13.Qxb1 Bxb1 14.O-O Be4 15.Bb5
Rfd8 16.Rfc1 a6 17.Ba4 h6 18.Be1 Bd5 19.R1c3 b5 20.Bb3 b4 21.Bxd5 bxc3 22.Bxc3
e6 23.Bxc6 Rac8 24.Ba5 Rd6 25.Ba4 {#r} 1-0

[Event "Ch Belarus"]
[Site "masterchessopen.com – Belarus"]
[Round "0"]
[White "Shereshevski Mikhail (BLR)"]
[Black "Nekrasov Vladimir (BLR)"]
[Result "1-0"]
[WhiteElo "2475"]
[BlackElo "2332"]

1.d4 Nf6 2.c4 g6 3.Nc3 d5 4.Nf3 Bg7 5.cxd5 Nxd5 6.Bd2 O-O 7.Rc1 Nb6 8.Bg5 h6
9.Bf4 c5 10.dxc5 N6d7 11.e4 Nc6 12.Qd2 Nxc5 13.Qe3 Qa5 14.Bxh6 Bxh6 15.Qxh6
Nxe4 16.Bc4 Bf5 17.O-O Nf6 18.Ng5 Rad8 19.Rcd1 e6 20.g4 Bc2 21.Rxd8 Qxd8
22.Rc1 Qd4 23.Be2 Nb4 24.a3 Nd3 25.Nce4 Rd8 26.Rxc2 Nf4 27.Rd2 {#r} 1-0

[Event "Cup European Club"]
[Site "masterchessopen.com – Europe"]
[Round "0"]
[White "Grooten Herman (NED)"]
[Black "Peelen Piet (NED)"]
[Result "1-0"]
[WhiteElo "2333"]
[BlackElo "2354"]

1.d4 Nf6 2.Nf3 g6 3.c4 Bg7 4.Nc3 d5 5.cxd5 Nxd5 6.Qb3 Nb6 7.Bg5 Be6 8.Qc2 Nc6
9.Rd1 O-O 10.e3 Qd6 11.Be2 Bf5 12.Qc1 Nd5 13.Nd2 Nxc3 14.bxc3 Qd5 15.O-O Qxa2
16.e4 Bxe4 17.Bc4 Qc2 18.Qa3 Bxg2 19.Kxg2 Qf5 20.Bxe7 Qg4+ 21.Kh1 Rfe8 22.Rg1
Qf5 23.Bg5 {#r} 1-0

[Event "It (open)"]
[Site "masterchessopen.com – St. Ingbert (Germany)"]
[Round "0"]
[White "Courtial Cyril (FRA)"]
[Black "Gutman Lev (GER)"]
[Result "0-1"]
[WhiteElo "2249"]
[BlackElo "2530"]

1.d4 Nf6 2.Nf3 g6 3.c4 Bg7 4.Nc3 d5 5.cxd5 Nxd5 6.g3 O-O 7.Bg2 Nxc3 8.bxc3 c5
9.Bb2 Qb6 10.Qb3 Nc6 11.Qxb6 axb6 12.O-O Be6 13.a3 Ra5 14.e4 Bc4 15.Rfd1 Rb5
16.Bc1 Be2 17.Rd2 Bxf3 18.Bxf3 cxd4 19.c4 Rc5 20.Rb1 Ne5 21.Bg2 Nxc4 22.Rd1 b5
23.Rb4 e5 24.a4 bxa4 25.Rxa4 b5 26.Rb4 Ra8 {#R} 0-1

[Event "It (open)"]
[Site "masterchessopen.com – Eindhoven (Netherlands)"]
[Round "0"]
[White "Krudde Fitzgerald (NED)"]
[Black "De Boer Gert-Jan (NED)"]
[Result "0-1"]
[WhiteElo "2298"]
[BlackElo "2390"]

1.d4 Nf6 2.c4 g6 3.Nc3 d5 4.Nf3 Bg7 5.cxd5 Nxd5 6.Qb3 Nxc3 7.bxc3 O-O 8.Ba3
Nd7 9.e3 c5 10.Bc4 e6 11.O-O b6 12.e4 Bb7 13.dxc5 Bxe4 14.Nd2 Bc6 15.cxb6 Qg5
16.f3 Qxd2 17.Bxf8 Bxf8 18.bxa7 Rxa7 19.Bb5 Nc5 20.Qc4 Bxb5 21.Qxb5 Rb7 {#R}
0-1

[Event "It"]
[Site "masterchessopen.com – Frankfurt (Germany)"]
[Round "1"]
[White "Alber Horst (GER)"]
[Black "Mukic Josko (CRO)"]
[Result "1-0"]
[WhiteElo "2340"]
[BlackElo "2327"]

1.d4 Nf6 2.c4 g6 3.Nc3 d5 4.Nf3 Bg7 5.cxd5 Nxd5 6.Bd2 Nb6 7.e4 O-O 8.Be3 Bg4
9.Be2 Bxf3 10.gxf3 e5 11.d5 c6 12.d6 N8d7 13.Qb3 Qf6 14.O-O-O Rfb8 15.h4 h6
16.Bf1 Nf8 17.h5 g5 18.Bh3 Nbd7 19.Bg4 Ne6 20.Rd2 b5 21.Ne2 a5 22.Ng3 a4
23.Qd3 a3 24.Nf5 axb2+ 25.Rxb2 Ndc5 26.Bxc5 Nxc5 27.Qe3 Na4 28.Rc2 c5 {#r} 1-0

[Event "Bundesliga 1987/88"]
[Site "masterchessopen.com – Germany"]
[Round "0"]
[White "Wolfradt Dirk (GER)"]
[Black "Linnemann Ralf (GER)"]
[Result "0-1"]
[WhiteElo "2189"]
[BlackElo "2280"]

1.d4 Nf6 2.Nf3 g6 3.c4 Bg7 4.Nc3 d5 5.cxd5 Nxd5 6.Bd2 O-O 7.Rc1 Nc6 8.e3 Nb6
9.Bb5 Bd7 10.O-O a6 11.Be2 Bf5 12.e4 Bg4 13.d5 Bxf3 14.dxc6 Bxe2 15.Nxe2 bxc6
16.Rxc6 Qd3 17.Bc3 Qxe4 18.Rxc7 Rfd8 19.Qb3 Qxe2 20.Bxg7 Kxg7 21.Qxb6 Rd1 {#R}
0-1

[Event "?"]
[Site "masterchessopen.com – Leon (Spain)"]
[Round "0"]
[White "Rodriguez Orestes (ESP)"]
[Black "De La Villa Garcia Jesus M (ESP)"]
[Result "0-1"]
[WhiteElo "2403"]
[BlackElo "2486"]

1.d4 Nf6 2.Nf3 g6 3.c4 Bg7 4.Nc3 d5 5.cxd5 Nxd5 6.g3 c5 7.Bg2 Nc6 8.e3 cxd4
9.Nxd4 Nxd4 10.exd4 Nxc3 11.bxc3 Qa5 12.Bd2 Qa6 13.Qe2 Qxe2+ 14.Kxe2 Bg4+
15.Ke3 O-O-O 16.Rhb1 Rd7 17.f4 e5 18.dxe5 f6 19.Rb5 fxe5 20.Rc5+ Kb8 21.Rd5
Rxd5 22.Bxd5 exf4+ 23.Kxf4 h5 24.Ke4 Re8+ 25.Kd3 Rd8 26.Bf4+ Ka8 27.Kc4 Rc8+
28.Kb3 Rxc3+ 29.Kb4 a5+ {#R} 0-1

[Event "Ch Europe (juniors)"]
[Site "masterchessopen.com – Arnhem (Netherlands)"]
[Round "2"]
[White "Long M (WLS)"]
[Black "Wessman Richard (SWE)"]
[Result "0-1"]
[WhiteElo "2140"]
[BlackElo "2423"]

1.d4 Nf6 2.c4 g6 3.Nc3 d5 4.Nf3 Bg7 5.cxd5 Nxd5 6.Qb3 Nxc3 7.bxc3 c5 8.e3 O-O
9.Be2 Nc6 10.O-O Na5 11.Qd1 b6 12.Bd3 Bb7 13.Bb2 Rc8 14.Qe2 Qc7 15.Rad1 Rfd8
16.Rfe1 Bd5 17.Ba3 e6 18.h4 cxd4 19.cxd4 Qc3 20.Be7 Re8 21.Bd6 Bc4 22.Ne5 Bxd3
23.Rxd3 Qc2 24.Rd2 Qe4 25.h5 f6 26.Ng4 gxh5 27.Nh2 Nc4 28.Bf4 Nxd2 29.Qxd2 Qc2
30.Qb4 Qc3 {#R} 0-1

[Event "It (open)"]
[Site "masterchessopen.com – Belgrade (Yugoslavia)"]
[Round "4"]
[White "Sale Srdjan (CRO)"]
[Black "Vujanovic Bojan (SRB)"]
[Result "1-0"]
[WhiteElo "2386"]
[BlackElo "2220"]

1.d4 Nf6 2.c4 g6 3.Nc3 d5 4.Nf3 Bg7 5.cxd5 Nxd5 6.Qb3 Nxc3 7.bxc3 O-O 8.e3 c5
9.Ba3 cxd4 10.Nxd4 Nc6 11.Be2 Nxd4 12.cxd4 Re8 13.O-O a6 14.Bc5 b5 15.a4 Bd7
16.axb5 axb5 17.Bf3 Rxa1 18.Rxa1 e5 19.Ra8 Qc7 20.Ra7 Qc8 21.Bb7 Qb8 22.Bd5
Be6 23.Bxe6 Rxe6 24.Qd5 Bf8 25.Ra8 Qc7 26.Rxf8+ Kg7 27.Qa8 {#r} 1-0

[Event "Ch Cuba"]
[Site "masterchessopen.com – S-Spiritus (Cuba)"]
[Round "0"]
[White "Gonzalez Juan Carlos (CUB)"]
[Black "Delgado Cespedes Ivan (CUB)"]
[Result "1-0"]
[WhiteElo "2509"]
[BlackElo "2270"]

1.d4 Nf6 2.c4 g6 3.Nc3 d5 4.Nf3 Bg7 5.cxd5 Nxd5 6.Qb3 Nb6 7.Bf4 O-O 8.e3 a5
9.a4 Nc6 10.Be2 e5 11.dxe5 Nb4 12.O-O Be6 13.Qd1 Qc8 14.Qc1 Nd7 15.Nb5 Nc6
16.Nfd4 Ndxe5 17.Nxe6 fxe6 18.Rd1 Rf7 19.Qc2 Qf8 20.Bg3 Kh8 21.Rac1 Rc8 22.Qb3
Re8 23.f4 Nd7 24.Nxc7 Nc5 25.Qb6 Nxa4 26.Qxb7 Nb4 27.Qb5 Ree7 28.Bh4 Nxb2
29.Nxe6 Qe8 30.Rd8 {#r} 1-0

[Event "It (open) (2)"]
[Site "masterchessopen.com – Copenhagen (Denmark)"]
[Round "9"]
[White "Kaspersen Morten (DEN)"]
[Black "Jorgensen Brian Jorgen (DEN)"]
[Result "1-0"]
[WhiteElo "2200"]
[BlackElo "2252"]

1.d4 Nf6 2.c4 g6 3.Nc3 d5 4.Nf3 Bg7 5.cxd5 Nxd5 6.Qb3 Nxc3 7.bxc3 O-O 8.e3 c5
9.Be2 Nc6 10.O-O cxd4 11.cxd4 e5 12.dxe5 Nxe5 13.Nxe5 Bxe5 14.Bb2 Be6 15.Qa3
Bxb2 16.Qxb2 b6 17.a4 Qg5 18.Qb5 Qxb5 19.axb5 Rfc8 20.Bf3 Rab8 21.Rxa7 Bc4
22.Rd1 Bxb5 23.Bd5 Bc4 24.Bxc4 Rxc4 25.h3 Rcc8 26.Rdd7 Rf8 27.Rab7 b5 28.Rxf7
{#r} 1-0

[Event "It (open)"]
[Site "masterchessopen.com – Dortmund (Germany)"]
[Round "1"]
[White "Halasz Tamas (HUN)"]
[Black "Schwebel Markus (GER)"]
[Result "1-0"]
[WhiteElo "2400"]
[BlackElo "2166"]

1.d4 Nf6 2.Nf3 g6 3.c4 Bg7 4.Nc3 d5 5.cxd5 Nxd5 6.Qb3 Nxc3 7.bxc3 c5 8.e3 O-O
9.Ba3 cxd4 10.Nxd4 Nc6 11.Be2 Qa5 12.O-O Qg5 13.Bf3 Qf6 14.Rac1 Rd8 15.Rfd1 h5
16.Bd5 Bg4 17.f3 Bf5 18.Qxb7 Nxd4 19.cxd4 Rab8 20.Qxa7 e6 {#r} 1-0

[Event "Ch France (accession)"]
[Site "masterchessopen.com – Montpellier (France)"]
[Round "11"]
[White "Daillet Emmanuel (FRA)"]
[Black "Vareille Francois (FRA)"]
[Result "1-0"]
[WhiteElo "2244"]
[BlackElo "2385"]

1.d4 Nf6 2.c4 g6 3.Nf3 Bg7 4.Nc3 d5 5.cxd5 Nxd5 6.Bd2 O-O 7.Rc1 Nb6 8.e3 Nc6
9.Bb5 e5 10.dxe5 Nxe5 11.Nxe5 Bxe5 12.O-O Be6 13.Qe2 c6 14.Bd3 Qh4 15.g3 Qh3
16.f4 Rad8 17.fxe5 Bg4 18.Qe1 Rxd3 19.Ne4 Rdd8 20.Nf6+ Kh8 21.Rf4 h5 22.e6
Bxe6 23.Bc3 Kg7 24.Ng4+ f6 25.Nf2 {#r} 1-0

[Event "Ch France (team)"]
[Site "masterchessopen.com – France"]
[Round "0"]
[White "Kesmaecker Philippe (MNC)"]
[Black "Kouatly Bachar (FRA)"]
[Result "0-1"]
[WhiteElo "2222"]
[BlackElo "2515"]

1.d4 Nf6 2.c4 g6 3.Nc3 d5 4.Nf3 Bg7 5.cxd5 Nxd5 6.Bd2 O-O 7.Rc1 Nb6 8.e3 Nc6
9.Bb5 e5 10.Bxc6 exd4 11.Nxd4 bxc6 12.Nce2 Ba6 13.O-O Nc4 14.b3 Nb2 15.Qc2 c5
16.Qxb2 cxd4 17.Bb4 dxe3 18.Bc3 Bxc3 19.Rxc3 exf2+ 20.Kxf2 Re8 21.Rc2 Qd3
22.Rd2 Qe3+ 23.Ke1 Re6 24.b4 c6 25.Rf2 Rae8 26.a4 Bc4 27.h4 Qg3 28.Kf1 Qh2
{#R} 0-1

[Event "Ch Finland"]
[Site "masterchessopen.com – Helsinki (Finland)"]
[Round "4"]
[White "Salo Heikki (FIN)"]
[Black "Ebeling Mika (FIN)"]
[Result "0-1"]
[WhiteElo "2229"]
[BlackElo "2268"]

1.d4 Nf6 2.c4 g6 3.Nc3 d5 4.Nf3 Bg7 5.cxd5 Nxd5 6.Qb3 Nxc3 7.bxc3 c5 8.e3 O-O
9.Be2 b6 10.O-O Qc7 11.Ba3 Nd7 12.e4 e5 13.Bc4 Qd6 14.Rad1 Qe7 15.Rfe1 Bb7
16.Bb5 Rfd8 17.Bxd7 Rxd7 18.dxc5 Rxd1 19.Rxd1 Qc7 20.Ng5 Bc6 21.Rd6 Be8 22.c4
bxc5 23.Qd1 Bf8 24.Rd3 Bc6 25.f3 Rb8 26.Nh3 Qa5 27.Nf2 Ba4 28.Qc1 Bc2 {#R} 0-1

[Event "It"]
[Site "masterchessopen.com – Telde (Spain)"]
[Round "8"]
[White "Ramos Aguilar Jose (ESP)"]
[Black "David Pavel (CZE)"]
[Result "0-1"]
[WhiteElo "2217"]
[BlackElo "2386"]

1.d4 Nf6 2.c4 g6 3.Nc3 d5 4.Nf3 Bg7 5.cxd5 Nxd5 6.Bd2 Nb6 7.Bg5 O-O 8.e3 a5
9.Ne4 a4 10.a3 h6 11.Bh4 f5 12.Nc5 g5 13.Bxg5 hxg5 14.Nxg5 Rf6 15.Bb5 Ra5
16.Bxa4 Nxa4 17.Nxa4 f4 18.Qb3+ Qd5 19.Qxd5+ Rxd5 20.Ne4 Rg6 21.g3 fxe3
22.fxe3 Bh3 23.Rg1 Rh5 24.Nac3 Bf5 25.h4 Bxe4 {#R} 0-1

[Event "It (open)"]
[Site "masterchessopen.com – Wohlen (Switzerland)"]
[Round "0"]
[White "Skomorokhin Roman (RUS)"]
[Black "Furrer Marc (SUI)"]
[Result "1-0"]
[WhiteElo "2445"]
[BlackElo "2127"]

1.d4 Nf6 2.c4 g6 3.Nf3 Bg7 4.Nc3 d5 5.cxd5 Nxd5 6.Qb3 Nxc3 7.bxc3 O-O 8.Ba3
Re8 9.Rd1 e6 10.h4 Qf6 11.e4 b6 12.Bb5 Bd7 13.Bd3 Bc6 14.Ne5 Bb7 15.h5 Qg5
16.Nf3 Qxg2 17.Ke2 Qg4 18.Rh4 Qf5 19.exf5 exf5+ 20.Ne5 {#r} 1-0

[Event "It (open)"]
[Site "masterchessopen.com – Geneva (Switzerland)"]
[Round "1"]
[White "Plesec Damjan (SLO)"]
[Black "Cesareo Fabio (SUI)"]
[Result "1-0"]
[WhiteElo "2305"]
[BlackElo "2152"]

1.d4 Nf6 2.Nf3 g6 3.c4 Bg7 4.Nc3 d5 5.cxd5 Nxd5 6.Bd2 O-O 7.e4 Nb4 8.a3 N4a6
9.Be3 c5 10.d5 e6 11.d6 b6 12.Qd2 Nd7 13.Bc4 Bb7 14.h4 Nab8 15.h5 Re8 16.hxg6
fxg6 17.Bg5 Bf6 18.Qf4 Bxg5 19.Nxg5 Qf6 20.Qxf6 Nxf6 21.Nxe6 Ba6 22.Ba2 Bb7
23.Nc7+ Kg7 24.Nxe8+ Nxe8 25.O-O-O Nd7 26.e5 Bxg2 27.Rhe1 Rd8 28.e6 Ndf6 29.d7
{#r} 1-0

[Event "It"]
[Site "masterchessopen.com – Nassau (USA)"]
[Round "8"]
[White "Alexopoulos Georgios (GRE)"]
[Black "Casella Michael (USA)"]
[Result "1-0"]
[WhiteElo "2260"]
[BlackElo "2268"]

1.d4 Nf6 2.Nf3 g6 3.c4 Bg7 4.Nc3 d5 5.cxd5 Nxd5 6.Bd2 O-O 7.Rc1 Nb6 8.Bg5 Bg4
9.e3 Nc6 10.Be2 Qd7 11.O-O a6 12.Bf4 Rad8 13.Ne4 Qe8 14.Bxc7 Nd5 15.Bxd8 Nxd8
16.Qb3 Be6 17.Bc4 Nc6 18.Qxb7 Bc8 19.Qb3 Be6 20.Qa3 Qd8 21.Qxa6 Nb8 22.Qb5 Nc7
23.Qb7 Ne8 24.Bxe6 fxe6 25.Rc8 Nd6 26.Rxd8 Nxb7 27.Rxf8+ Bxf8 28.Rc1 Na5
29.Ne5 {#r} 1-0

[Event "Ch France (open)"]
[Site "masterchessopen.com – Paris (France)"]
[Round "3"]
[White "Bouverot Olivier (FRA)"]
[Black "Gerard Nicolas (FRA)"]
[Result "0-1"]
[WhiteElo "2141"]
[BlackElo "2266"]

1.d4 Nf6 2.c4 g6 3.Nc3 d5 4.Nf3 Bg7 5.cxd5 Nxd5 6.Qb3 Nxc3 7.bxc3 O-O 8.Ba3 c6
9.e3 Qc7 10.Bc4 Bf6 11.h4 b5 12.Bd3 Bg4 13.Ng5 Nd7 14.Ne4 Rfe8 15.Nxf6+ exf6
16.O-O f5 17.Qb4 Re6 18.d5 cxd5 19.Qd4 Ne5 20.Bxb5 Qd8 21.f3 Qxh4 22.fxg4 Nxg4
23.Qf4 Re4 24.Qc7 f4 25.Rxf4 Qh2+ 26.Kf1 Nxe3+ 27.Ke2 Qxg2+ 28.Ke1 Nc2+ {#R}
0-1

[Event "It (open)"]
[Site "masterchessopen.com – Schwabisch Gmund (Germany)"]
[Round "1"]
[White "Ehlers Michael (GER)"]
[Black "Banas Jan (SVK)"]
[Result "0-1"]
[WhiteElo "1927"]
[BlackElo "2415"]

1.d4 Nf6 2.Nf3 g6 3.c4 Bg7 4.Nc3 d5 5.cxd5 Nxd5 6.Qb3 Nxc3 7.bxc3 c5 8.e3 O-O
9.Ba3 cxd4 10.cxd4 Nc6 11.Rd1 Qa5+ {#R} 0-1

[Event "It (open)"]
[Site "masterchessopen.com – Vantaa (Finland)"]
[Round "5"]
[White "Salo Heikki (FIN)"]
[Black "Fastberg Juuso (FIN)"]
[Result "1-0"]
[WhiteElo "2229"]
[BlackElo "2110"]

1.d4 Nf6 2.Nf3 g6 3.c4 Bg7 4.Nc3 d5 5.cxd5 Nxd5 6.Qb3 Nxc3 7.bxc3 O-O 8.Ba3
Nd7 9.e3 c5 10.Be2 Qc7 11.O-O b6 12.e4 Rb8 13.e5 b5 14.e6 fxe6 15.Qxe6+ Kh8
16.Qxe7 Bf6 17.Qe3 Ba6 18.Rfe1 Rbe8 19.Qh6 Bg7 20.Qh3 Bc8 21.Ng5 Nf6 22.Qh4 b4
23.cxb4 cxd4 24.b5 Rxe2 25.Rxe2 d3 26.Bxf8 dxe2 27.Bxg7+ Kxg7 28.Qd4 Qa5
29.Qe5 Qd8 30.Qxe2 {#r} 1-0

[Event "It (open)"]
[Site "masterchessopen.com – Groningen (Netherlands)"]
[Round "8"]
[White "Schebler Gerhard (GER)"]
[Black "Mikhalevski Victor (ISR)"]
[Result "0-1"]
[WhiteElo "2425"]
[BlackElo "2500"]

1.d4 Nf6 2.Nf3 g6 3.c4 Bg7 4.Nc3 d5 5.cxd5 Nxd5 6.Bd2 O-O 7.e4 Nb6 8.Be3 Bg4
9.Be2 Nc6 10.d5 Bxf3 11.gxf3 Ne5 12.Qb3 c6 13.f4 Ned7 14.dxc6 bxc6 15.Rd1 Bh6
16.e5 e6 17.h4 Nd5 18.Nxd5 cxd5 19.h5 Bg7 20.hxg6 fxg6 21.Bc1 Rf7 22.Kf1 Qb6
23.Qh3 Bxe5 24.Be3 d4 25.fxe5 dxe3 26.Rd6 Qxb2 27.Rxd7 Rxd7 28.Qxe6+ Rf7
29.Rxh7 Qb1+ 30.Kg2 Qb7+ {#R} 0-1

[Event "It (open) (active)"]
[Site "masterchessopen.com – Uebach (Germany)"]
[Round "2"]
[White "Schebler Gerhard (GER)"]
[Black "Behl Torsten Dr (GER)"]
[Result "1-0"]
[WhiteElo "2425"]
[BlackElo "2084"]

1.d4 Nf6 2.Nf3 g6 3.c4 Bg7 4.Nc3 d5 5.cxd5 Nxd5 6.Bd2 Nc6 7.e4 Nb6 8.d5 Nb8
9.a4 a5 10.Be2 O-O 11.O-O c6 12.Qb3 cxd5 13.exd5 N8d7 14.Be3 Kh8 15.Rac1 f5
16.Ng5 Rf6 17.Ne6 Qg8 18.Bxb6 {#r} 1-0

[Event "Cup Russia (open)"]
[Site "masterchessopen.com – Krasnodar (Russia)"]
[Round "8"]
[White "Averkin Orest N (RUS)"]
[Black "Stambulian Arsen (ARM)"]
[Result "1-0"]
[WhiteElo "2420"]
[BlackElo "2315"]

1.d4 Nf6 2.Nf3 g6 3.c4 Bg7 4.Nc3 d5 5.cxd5 Nxd5 6.Qb3 Nb6 7.Bg5 O-O 8.Rd1 a5
9.e3 Nc6 10.d5 Ne5 11.Nxe5 Bxe5 12.Be2 a4 13.Qb4 f6 14.Bh6 Rf7 15.Nb5 a3 16.b3
Bd7 17.f4 Bb2 18.Bf3 Qc8 19.O-O c5 20.dxc6 Bxc6 21.e4 Nd7 22.Bg4 Bxb5 23.Qxb5
Qc5+ 24.Qxc5 Nxc5 25.b4 Nxe4 26.Be6 Nd6 27.g4 f5 28.g5 Ra4 29.Rfe1 Bc3 {#r}
1-0

[Event "Ch Europe (juniors) (under 10)"]
[Site "masterchessopen.com – Tallinn (Estonia)"]
[Round "9"]
[White "Tahirov Farhad (AZE)"]
[Black "Bluvshtein Mark (CAN)"]
[Result "1-0"]
[WhiteElo "2452"]
[BlackElo "2593"]

1.d4 Nf6 2.c4 g6 3.Nc3 d5 4.Nf3 Bg7 5.cxd5 Nxd5 6.Qb3 Nxc3 7.bxc3 Nd7 8.Ba3 c5
9.e3 Qa5 10.Bc4 O-O 11.O-O e6 12.Bb5 b6 13.Nd2 a6 14.Bc6 cxd4 15.Bxa8 dxe3
16.Nc4 Qxc3 17.Qxc3 Bxc3 {#r} 1-0

[Event "It (open)"]
[Site "masterchessopen.com – Dieren (Netherlands)"]
[Round "2"]
[White "Duchene Rene (NED)"]
[Black "Steenbekkers Franck (NED)"]
[Result "1-0"]
[WhiteElo "2195"]
[BlackElo "2235"]

1.d4 Nf6 2.c4 g6 3.Nc3 d5 4.Nf3 Bg7 5.cxd5 Nxd5 6.Qb3 Nxc3 7.bxc3 O-O 8.Ba3
Nd7 9.e3 b6 10.Be2 Bb7 11.O-O c5 12.dxc5 Qc7 13.cxb6 Nxb6 14.Rac1 Rfc8 15.Rfd1
Rab8 16.Ng5 Rf8 17.c4 h6 18.c5 Nd5 19.c6 Bxc6 20.Qxd5 Bxd5 21.Rxc7 {#r} 1-0